Hamlet Graphic Shakespeare /

This series features classic Shakespeare retold with graphic color illustrations. Educators using the Dale-Chall vocabulary system adapted each title. Each 64-page, softcover book retains key phrases and quotations from the original play. Research shows that the more students read, the better their...

Full description

Bibliographic Details
Corporate Author: Library Pass, LLC
Other Authors: Shakespeare, William (writer.)
Format: eBook
Language:English
Published: [United States] : Saddleback Educational, 2012.
Subjects:
Online Access:Connect to this electronic book (First time users create your free account)

MARC

Tag First Indicator Second Indicator Subfields
LEADER 00000nmm a22000001a 4500
001 in00004609621
006 m|||||o||m||||||||
007 cr|cn |||uuuuu
008 221118s2012 xxu||||do|||| ||||||eng d
005 20221207213306.1
035 |a (TxWaIVM)IV14264SaHa 
040 |a TxWaIVM  |c TxWaIVM 
245 0 0 |a Hamlet Graphic Shakespeare /  |c powered by Library Pass. 
260 3 |a [United States] :  |b Saddleback Educational,  |c 2012. 
300 |a 1 online resource. 
336 |a text  |b txt  |2 rdacontent 
337 |a computer  |b c  |2 rdamedia 
338 |a online resource  |b cr  |2 rdacarrier 
520 |a This series features classic Shakespeare retold with graphic color illustrations. Educators using the Dale-Chall vocabulary system adapted each title. Each 64-page, softcover book retains key phrases and quotations from the original play. Research shows that the more students read, the better their vocabulary, their ability to read, and their knowledge of the world. Hamlet takes place in the early seventeenth century, at he royal castle in Elsinore, Denmark. The theme of the story.. "revenge" ..becomes Prince Hamlet's obsession. His split personality--one of warm, poetic sensitivity, the other, cruel madness--hypnotizes the reader. Other immortal characters such as Claudius, Gertrude, Polonius, Horatio, and Ophelia are just a few in the tradition of Shakespeare's unforgettable characterization. 64 pages, FC 
521 |a 2 
538 |a Requires a valid library card and registration for new users. 
538 |a Mode of access: World Wide Web. 
538 |a System requirements: Flash 10.1 or higher, Windows XP and higher, Internet Explorer 7 and higher, Firefox 3.6 and higher, Google Chrome; Max OS 10.5 and higher, Safari 4 and higher. 
650 0 |a Comic books, strips, etc. 
655 7 |a Electronic books.  |2 local 
655 7 |a Comic books, strips, etc.  |2 gsafd 
650 0 |a Motion pictures and comic books 
655 7 |a Motion pictures and comic books  |2 gsafd 
650 0 |a Comic books, strips, etc. --Education 
655 7 |a Comic books, strips, etc. --Education  |2 gsafd 
650 0 |a Fantasy comic books, strips, etc. 
655 7 |a Fantasy comic books, strips, etc.  |2 gsafd 
650 0 |a Horror comic books, strips, etc. 
655 7 |a Horror comic books, strips, etc.  |2 gsafd 
650 0 |a Literary 
655 7 |a Literary  |2 gsafd 
650 0 |a Suspense comic books, strips, etc. 
655 7 |a Suspense comic books, strips, etc.  |2 gsafd 
650 0 |a Fantasy comic books, strips, etc. 
655 7 |a Fantasy comic books, strips, etc.  |2 gsafd 
700 1 |a Shakespeare, William.  |e writer. 
700 1 |a Publishing, Saddleback Educational.  |e artist. 
710 2 |a Library Pass, LLC. 
856 4 0 |u http://proxy.library.tamu.edu/login?url=https://tamu.librarypass.com/product/com.iversecomics.saddleback.educational.hamlet.graphic.shakespeare.11082012  |z Connect to this electronic book (First time users create your free account)  |t 0 
955 |a Comics Plus. 
999 f f |s f9605c9d-f2ec-4233-9e0c-dc7c8b9c50ce  |i 8851620c-7f87-44a5-84b5-2cbfb292c511  |t 0 
952 f f |a Texas A&M University  |b College Station  |c Electronic Resources  |d Available Online  |t 0  |h Library of Congress classification 
998 f f |t 0  |l Available Online